00608nam a2200181 i 450000100060000000300090000600500170001500700030003200800410003510000190007624500630009526000750015830000220023349000410025560000680029683000410036485200210040581438ES-MaACL20230906174433.0t|041104s1917 fr ||||1| fre d1 aHuan, Gabriel.13aLa Philosophie de Frédéric Nietzsche / cGabriel Huan. aParis : bFontemoing et Cie., c1917 (eLe Puy en Velag : fPeyriller) a363 p. ; c23 cm.1 aLes doctrines de guerre en Allemagne14aNietzsche, Friedrich,d1844-1900-xCrítica e interpretación0 aLes doctrines de guerre en Allemagne aES-MaACLjF-5723